Why the problem of language acquisition should not be.... (Record no. 8512)
[ view plain ]
| 000 -LEADER | |
|---|---|
| fixed length control field | 00614cam4a220021700 4500 |
| 001 - CONTROL NUMBER | |
| control field | zam00003439 |
| 008 - FIXED-LENGTH DATA ELEMENTS--GENERAL INFORMATION | |
| fixed length control field | 951128s1981 xx eng u |
| 035 ## - SYSTEM CONTROL NUMBER | |
| System control number | (Sirsi) r20767 |
| 035 ## - SYSTEM CONTROL NUMBER | |
| System control number | (MACHINE)SLC. |
| 100 ## - MAIN ENTRY--PERSONAL NAME | |
| Personal name | Romaine, S. |
| Linkage | A82230.1 |
| 245 10 - TITLE STATEMENT | |
| Title | Why the problem of language acquisition should not be.... |
| 260 ## - PUBLICATION, DISTRIBUTION, ETC. | |
| Date of publication, distribution, etc. | 1981. |
| 591 ## - | |
| -- | Class code: E 939. |
| 591 ## - | |
| -- | Course: Psycholinguistics. |
| 591 ## - | |
| -- | School: S05. |
| 591 ## - | |
| -- | Lecturer: Dr. MPEPO, V.M. |
| 591 ## - | |
| -- | Number of Students: 30. |
| 949 ## - LOCAL PROCESSING INFORMATION (OCLC) | |
| a | ROM1-WHY |
| w | lcc |
| m | MAIN |
| t | SHORTLOAN |
| l | SHORTLOAN |
| 909 ## - | |
| -- | Reprint |
| Withdrawn status | Lost status | Source of classification or shelving scheme | Damaged status | Not for loan | Home library | Current library | Shelving location | Total Checkouts | Full call number | Barcode | Date last seen | Copy number | Price effective from | Koha item type |
|---|---|---|---|---|---|---|---|---|---|---|---|---|---|---|
| Library of Congress Classification | Main Library | Main Library | Academic reserves/Short loan | ROM1-WHY | 67005-1001 | 08/12/2019 | 1 | 08/12/2019 | Short Loan material |